[Event "Big Slow Tourney for Lazy or Busy People.  "]
[Site "SchemingMind.com"]
[Date "2019.07.23"]
[Round "-"]
[White "splinter"]
[Black "grabapawn"]
[Result "1-0"]
[WhiteCountry "CAN"]
[BlackCountry "USA"]
[WhiteElo "1803"]
[WhiteRD "78"]
[BlackElo "1475"]
[BlackRD "51"]
[GameID "443911"]

1. c4 d6 2. g3 Nf6 3. Bg2 Nbd7 4. Nc3 e5 5. Nf3 Be7 6. O-O c6 7. e4 Qc7 8. d3 Nf8 9. Nh4 h6 10. Nf5 Bxf5
11. exf5 g6 12. fxg6 Nxg6 13. Bh3 h5 14. Re1 d5 15. cxd5 cxd5 16. Bd2 Bc5 17. d4 Bxd4 18. Qa4+ Kf8 19. Nb5 Qb6 20. Nxd4 Qxd4
21. Qxd4 exd4 22. Rad1 Ne4 23. Bb4+ Kg8 24. Rxd4 Nf6 25. Bc3 Rh7 26. Bf5 Rd8 27. Rb4 b6 28. Bxf6 Rb8 29. Rd4 Rh6 30. Rxd5 Nf8
31. Bg5 Rc6 32. Bf4 Rb7 33. Be4 Re6 34. Rg5+ Ng6 35. Bxb7 Rxe1+ 36. Kg2 Re2 37. Rb5 Nxf4+ 38. gxf4 f6 39. Ba6 Kg7 40. Rb3 h4
41. Bxe2
1-0

[Event "Big Slow Tourney for Lazy or Busy People.  "]
[Site "SchemingMind.com"]
[Date "2019.07.23"]
[Round "-"]
[White "grabapawn"]
[Black "Paul Clarkson"]
[Result "0-1"]
[WhiteCountry "USA"]
[BlackCountry "CAN"]
[WhiteElo "1453"]
[WhiteRD "54"]
[BlackElo "1843"]
[BlackRD "178"]
[GameID "443912"]

1. d4 Nf6 2. Bf4 g6 3. Nc3 Bg7 4. e3 O-O 5. Be2 d6 6. h3 Nbd7 7. g4 e5 8. Bg5 Re8 9. h4 b6 10. Rh3 Bb7
11. h5 Qc8 12. hxg6 fxg6 13. Bd3 exd4 14. Nb5 dxe3 15. fxe3 Ne5 16. Nd4 Nxd3+ 17. Qxd3 Qxg4 18. Qc4+ Bd5 19. Qe2 Qxg1+ 20. Kd2 Ne4+
21. Kd3 c5 22. Rxg1 c4#
0-1

[Event "Big Slow Tourney for Lazy or Busy People.  "]
[Site "SchemingMind.com"]
[Date "2019.07.29"]
[Round "-"]
[White "Timaeus"]
[Black "krzysztof"]
[Result "0-1"]
[WhiteCountry "JPN"]
[BlackCountry "POL"]
[WhiteElo "1327"]
[WhiteRD "95"]
[BlackElo "1605"]
[BlackRD "79"]
[GameID "443979"]

1. d4 d5 2. Bf4 Bf5 3. e3 e6 4. Nf3 Nc6 5. Bb5 Ne7 6. O-O a6 7. Bxc6+ Nxc6 8. Nc3 Bd6 9. Re1 Be4 10. Ne5 Nxe5
11. dxe5 Bb4 12. a3 Bxc3 13. bxc3 g5 14. Bg3 h5 15. f3 Bf5 16. c4 c6 17. cxd5 cxd5 18. c4 g4 19. fxg4 Bxg4 20. Qa4+ Kf8
21. Rab1 h4 22. Bf4 h3 23. g3 f6 24. exf6 Rh7 25. Qb4+ Kg8 26. Bd6 Qxf6 27. Rf1 Bf5 28. g4 Qg5 29. cxd5 Qxg4+ 30. Qxg4+ Bxg4
31. e4 b5 32. Rf4 Rg7 33. dxe6 Bxe6+ 34. Kh1 Re8 35. Rbf1 Rf7 36. Rg1+ Rg7 37. Be5 Rxg1+ 38. Kxg1 Rf8 39. Kf2 Rxf4+ 40. Bxf4 Kf7
41. Ke3 Ke7 42. Kd3 Kd7 43. Kc3 Kc6 44. Be3 Bg4 45. Kd4 Kd6 46. Bf4+ Kc6 47. Kc3 a5 48. Be3 Kd6 49. Bb6 Bf3 50. Bxa5 Bxe4
51. Kb4 Kc6 52. Bd8 Bg2 53. Bf6= Bf1
0-1

[Event "Big Slow Tourney for Lazy or Busy People.  "]
[Site "SchemingMind.com"]
[Date "2019.07.25"]
[Round "-"]
[White "grabapawn"]
[Black "krzysztof"]
[Result "0-1"]
[WhiteCountry "USA"]
[BlackCountry "POL"]
[WhiteElo "1475"]
[WhiteRD "51"]
[BlackElo "1589"]
[BlackRD "72"]
[GameID "443980"]

1. d4 d5 2. Bf4 Nc6 3. e3 h6 4. Bd3 Nf6 5. Nd2 Nb4 6. Bb5+ c6 7. Ba4 b5 8. Bb3 Bf5 9. Ngf3 Nh5 10. Bg3 e6
11. Nh4 Nxg3 12. hxg3 Bh7 13. a3 Na6 14. Ndf3 g5 15. a4 gxh4 16. Rxh4 b4 17. Ne5 Qc7 18. a5 Bd6 19. Ng4 Be7 20. Rxh6 O-O-O
21. Nf6 Be4 22. Rxh8 Rxh8 23. Ke2 Bxf6 24. c3 Bxg2 25. Qd2 c5 26. Ba4 c4 27. Rg1 Be4 28. Bc2 Qxa5 29. Bxe4 dxe4 30. Qe1 Qa2
31. Qd2 b3 32. Rf1 Rd8 33. f3 Rh8 34. fxe4 Rh2+ 35. Rf2 Rxf2+ 36. Kxf2 Qb1 37. e5 Qf5+ 38. Ke1 Bg5
0-1

[Event "Big Slow Tourney for Lazy or Busy People.  "]
[Site "SchemingMind.com"]
[Date "2019.07.25"]
[Round "-"]
[White "krzysztof"]
[Black "bull mccabe"]
[Result "0-1"]
[WhiteCountry "POL"]
[BlackCountry "IRL"]
[WhiteElo "1555"]
[WhiteRD "72"]
[BlackElo "2038"]
[BlackRD "157"]
[GameID "443981"]

1. Nc3 d5 2. d4 Nf6 3. g3 c5 4. Bg2 cxd4 5. Qxd4 e6 6. Nf3 Nc6 7. Qa4 Bd7 8. a3 Bc5 9. Qh4 O-O 10. O-O Ne7
11. Bg5 Ng6 12. Bxf6 Nxh4 13. Bxd8 Nxf3+ 14. Bxf3 Rfxd8 15. a4 Rac8 16. e3 Bb4 17. a5 Bxc3 18. bxc3 Rxc3 19. Bd1 Bc6 20. a6 b6
21. Re1 d4 22. exd4 Rxd4 23. Ra2 Bd5 24. Rb2 Rd2 25. Bg4 Rcxc2 26. Rxc2 Rxc2 27. Ra1 Kf8 28. f4 Rg2+ 29. Kf1 Rxh2 30. Ra3 Ke7
31. Bf3 Bxf3 32. Rxf3 Ra2 33. Rf2 Rxf2+ 34. Kxf2 Kf6 35. Kf3 e5 36. fxe5+ Kxe5 37. Ke3 h5
0-1

[Event "Big Slow Tourney for Lazy or Busy People.  "]
[Site "SchemingMind.com"]
[Date "2019.07.26"]
[Round "-"]
[White "krzysztof"]
[Black "Uzi Mike"]
[Result "0-1"]
[WhiteCountry "POL"]
[BlackCountry "USA"]
[WhiteElo "1562"]
[WhiteRD "74"]
[BlackElo "2227"]
[BlackRD "93"]
[GameID "443982"]

1. e4 e6 2. c4 d5 3. exd5 exd5 4. cxd5 Nf6 5. Nc3 Nxd5 6. d4 Bb4 7. Bd2 O-O 8. Be2 Re8 9. Kf1 Nc6 10. a3 Ba5
11. b4 Bb6 12. f4 Nxd4 13. Nf3 Nxf3 14. Bxf3 Qh4 15. g3 Qh3+ 16. Bg2 Bg4 17. Bxh3 Bxh3#
0-1

[Event "Big Slow Tourney for Lazy or Busy People.  "]
[Site "SchemingMind.com"]
[Date "2019.07.30"]
[Round "-"]
[White "Olli Ylönen"]
[Black "krzysztof"]
[Result "1-0"]
[WhiteCountry "FIN"]
[BlackCountry "POL"]
[WhiteElo "1879"]
[WhiteRD "79"]
[BlackElo "1605"]
[BlackRD "73"]
[GameID "443983"]

1. e4 e5 2. Nf3 Nc6 3. Bb5 d6 4. d4 Bd7 5. Nc3 h6 6. O-O a6 7. Bxc6 Bxc6 8. dxe5 dxe5 9. Qxd8+ Rxd8 10. Nxe5 Bd6
11. Nxc6 bxc6 12. a3 Be5 13. Ne2 Nf6 14. Bf4 Bxb2 15. Ra2 Bd4 16. Bxc7 Rc8 17. Nxd4 Rxc7 18. Rb2 Kd7 19. e5 Nd5 20. c4 Ne7
21. Rd1 Kc8 22. Rb6 Ra7 23. Nxc6 Nxc6 24. Rxc6+ Kb8 25. Rb1+ Ka8 26. Rbb6 Rb8 27. Rxb8+ Kxb8 28. Rb6+ Kc7 29. Rb1 Ra8 30. f4 Kd7
31. f5 Ke8 32. g4 Ke7 33. Rb7+ Ke8 34. Rc7 Kf8 35. e6 fxe6 36. fxe6 Re8 37. Rc6 Ra8 38. Kg2 Ke7 39. Kg3 Ra7 40. Kh4 g6
41. c5 a5 42. Kg3 Ra8 43. h4 Kf6 44. e7+ Kxe7 45. Rxg6 Rc8 46. Rxh6 Rxc5 47. h5 Kf7 48. Kh4 Kg7 49. Ra6 Rb5 50. h6+ Kh7
51. g5 Kg8 52. Kh5 Kh8 53. Kg6 Re5 54. Ra8+ Re8 55. Rxe8#
1-0

[Event "Big Slow Tourney for Lazy or Busy People.  "]
[Site "SchemingMind.com"]
[Date "2019.07.26"]
[Round "-"]
[White "Chessibelle"]
[Black "krzysztof"]
[Result "0-1"]
[WhiteCountry "ENG"]
[BlackCountry "POL"]
[WhiteElo "1145"]
[WhiteRD "58"]
[BlackElo "1589"]
[BlackRD "72"]
[GameID "443984"]

1. Nf3 b6 2. e3 Ba6 3. d3 e6 4. Be2 Nf6 5. Nc3 Bb4 6. Bd2 Nc6 7. O-O Bd6 8. g3 Bb7 9. b3 Qe7 10. d4 O-O-O
11. Ng5 h6 12. Nh3 g5 13. Bd3 Rdg8 14. Ne4 g4 15. Nf4 h5 16. c3 h4 17. a3 hxg3 18. fxg3 Nd5 19. c4 Nxf4 20. exf4 f5
21. c5 bxc5 22. dxc5 Bxc5+ 23. Kg2 Nd4 24. b4 Bb6 25. Bc3 e5 26. Bd2 fxe4 27. Bc4 e3+ 28. Kg1 e2 29. Bxe2 Nxe2#
0-1

[Event "Big Slow Tourney for Lazy or Busy People.  "]
[Site "SchemingMind.com"]
[Date "2019.07.26"]
[Round "-"]
[White "krzysztof"]
[Black "Helga1946"]
[Result "0-1"]
[WhiteCountry "POL"]
[BlackCountry "GER"]
[WhiteElo "1600"]
[WhiteRD "78"]
[BlackElo "1916"]
[BlackRD "56"]
[GameID "443985"]

1. e4 e5 2. b3 Nc6 3. Bb2 Nf6 4. Nc3 Bc5 5. d3 Bb4 6. Ne2 d5 7. a3 Bxc3+ 8. Bxc3 dxe4 9. dxe4 Qxd1+ 10. Rxd1 Nxe4
11. Bb2 Bf5 12. f3 Nd6 13. Rd5 O-O-O 14. c4 Be6 15. Rc5 f6 16. Ng3 Kd7 17. b4 b6 18. Rxc6 Kxc6 19. Bd3 Nxc4 20. Be4+ Bd5
21. O-O Bxe4 22. Nxe4 Nxb2 23. Rc1+ Kb7 24. Nc3 Rd3 25. Ne2 Rxa3 26. Kf2 Nd3+ 27. Kg3 Nxc1 28. Nxc1 Rd8 29. Ne2 Rd2 30. Ng1 f5
31. h4 Raa2 32. Nh3 Rxg2#
0-1

[Event "Big Slow Tourney for Lazy or Busy People.  "]
[Site "SchemingMind.com"]
[Date "2019.07.30"]
[Round "-"]
[White "krzysztof"]
[Black "JAHI"]
[Result "0-1"]
[WhiteCountry "POL"]
[BlackCountry "INT"]
[WhiteElo "1597"]
[WhiteRD "80"]
[BlackElo "1891"]
[BlackRD "68"]
[GameID "443986"]

1. e4 d6 2. d4 d5 3. e5 f6 4. Bd3 c6 5. Nc3 e6 6. Qh5+ Kd7 7. Nf3 Bb4 8. O-O Bxc3 9. bxc3 Qe8 10. Qh3 Kd8
11. Ba3 Na6 12. c4 Nc7 13. Rae1 Bd7 14. exf6 gxf6 15. Qg3 Qf7 16. Bd6 Ne8 17. Nd2 Nxd6 18. Qxd6 Ne7 19. cxd5 exd5 20. c4 Nc8
21. Qb4 b6 22. c5 h6 23. Nb3 h5 24. f4 h4 25. f5 h3 26. g3 Rh7 27. Rf4 Kc7 28. a4 Rb8 29. cxb6+ axb6 30. a5 bxa5
31. Qxa5+ Rb6 32. Nc5 Qf8 33. Ba6 Re7 34. Rb1 Kd6 35. Nb7+ Kc7 36. Rxb6 Nxb6 37. Nc5 Qa8 38. g4 Bc8 39. Ne6+ Bxe6 40. fxe6 Rxe6
41. Qa1 Nc4 42. Rf1 Qg8 43. Rf3 Re2 44. Qc3 Qxg4+ 45. Rg3 Rg2+ 46. Kf1 Qe2#
0-1

[Event "Big Slow Tourney for Lazy or Busy People.  "]
[Site "SchemingMind.com"]
[Date "2019.07.26"]
[Round "-"]
[White "Nouveau L"]
[Black "krzysztof"]
[Result "1-0"]
[WhiteCountry "FRA"]
[BlackCountry "POL"]
[WhiteElo "1937"]
[WhiteRD "92"]
[BlackElo "1589"]
[BlackRD "72"]
[GameID "443987"]

1. e4 e5 2. Nf3 d6 3. d4 exd4 4. Nxd4 c5 5. Nf3 Nf6 6. Nc3 Be6 7. e5 Ng4 8. Bg5 Be7 9. Bxe7 Qxe7 10. exd6 Qd7
11. Bb5 Nc6 12. h3 Nf6 13. Ne5 Qd8 14. Nxc6 bxc6 15. Bxc6+ Kf8 16. Bxa8 Qxa8 17. O-O g5 18. Qd2 Rg8 19. Rae1 h5 20. Re5 Rg6
21. Rxg5 Ke8 22. Rxg6 fxg6 23. Re1 Kd7 24. Qe2 Qg8 25. Na4 Kxd6 26. Qa6+ Kd5 27. Nc3+ Kd4 28. Qd3#
1-0

[Event "Big Slow Tourney for Lazy or Busy People.  "]
[Site "SchemingMind.com"]
[Date "2019.07.26"]
[Round "-"]
[White "krzysztof"]
[Black "Mihir Chandrashekhar"]
[Result "0-1"]
[WhiteCountry "POL"]
[BlackCountry "IND"]
[WhiteElo "1589"]
[WhiteRD "72"]
[BlackElo "1959"]
[BlackRD "52"]
[GameID "443988"]

1. e4 d5 2. e5 c5 3. d4 e6 4. Nf3 Nc6 5. c3 Qb6 6. b3 cxd4 7. Nxd4 Nxe5 8. f4 Nc6 9. Ba3 Bxa3 10. Nxa3 Nxd4
11. cxd4 Qb4+ 12. Qd2 Qxa3 13. g4 Bd7 14. h4 a5 15. Rh3 Qb4 16. Qxb4 axb4 17. Bg2 Ne7 18. Rg3 Nc6 19. Rd3 Ke7 20. g5 h6
21. gxh6 Rxh6 22. a3 bxa3 23. b4 Nxb4 24. Ke2 Nxd3 25. Kxd3 Rxh4 26. Ke3 Rh2 27. Bf3 a2 28. Bd1 Rh1 29. Kd2 Ba4 30. Rxa2 Rxd1+
31. Ke2 Rxd4 32. Ke3 Re4+ 33. Kd2 b5 34. Rb2 Rc8 35. Kd3 Rcc4 36. Re2 Rcd4+ 37. Kc3 b4+ 38. Kb2 Rxe2+ 39. Kb1 Rd1#
0-1

[Event "Big Slow Tourney for Lazy or Busy People.  "]
[Site "SchemingMind.com"]
[Date "2019.07.25"]
[Round "-"]
[White "krzysztof"]
[Black "splinter"]
[Result "0-1"]
[WhiteCountry "POL"]
[BlackCountry "CAN"]
[WhiteElo "1555"]
[WhiteRD "72"]
[BlackElo "1812"]
[BlackRD "76"]
[GameID "443989"]

1. e4 c5 2. g3 Nc6 3. Bg2 Nf6 4. d3 g6 5. Bg5 Bg7 6. c3 O-O 7. Qd2 d6 8. Bh6 Rb8 9. Nf3 b5 10. O-O Bb7
11. Nh4 Ne5 12. h3 Bxh6 13. Qxh6 Nxd3 14. f4 Nxe4 15. Bxe4 Bxe4 16. Nd2 Ba8 17. f5 Ne5 18. f6 exf6 19. Nhf3 Bxf3 20. Nxf3 Nxf3+
21. Rxf3 Re8 22. Qh4 f5 23. Qf4 Re4 24. Qd2 Qe7 25. Raf1 Re8 26. Qg2 Re2 27. R3f2 Rxf2 28. Rxf2 Qe4 29. Qxe4 fxe4 30. Kf1 f5
31. Ke2 Kf7 32. Ke3 Ke6 33. g4 Ke5 34. gxf5 gxf5 35. Rf4 a5 36. h4 h5 37. b3 Rg8 38. Rf2 Rg4 39. c4 f4+ 40. Ke2 bxc4
41. bxc4 Kd4 42. Kd2 e3+
0-1

[Event "Big Slow Tourney for Lazy or Busy People.  "]
[Site "SchemingMind.com"]
[Date "2019.07.26"]
[Round "-"]
[White "Paul Clarkson"]
[Black "krzysztof"]
[Result "1-0"]
[WhiteCountry "CAN"]
[BlackCountry "POL"]
[WhiteElo "1843"]
[WhiteRD "178"]
[BlackElo "1555"]
[BlackRD "72"]
[GameID "443990"]

1. d4 d5 2. Bf4 Nf6 3. e3 Bf5 4. c4 c6 5. Nc3 e6 6. Qb3 Qd7 7. Nf3 b6 8. Be2 Nh5 9. Ne5 Qb7 10. Bxh5 g6
11. Be2 Nd7 12. Nxd7 Qxd7 13. Be5 Rg8 14. g4 dxc4 15. Qd1 Bg7 16. Bxg7 Rxg7 17. gxf5 exf5 18. Bxc4 f4 19. Qf3 O-O-O 20. Qxf4 Rgg8
21. Ba6+ Qb7 22. Bxb7+
1-0

[Event "Big Slow Tourney for Lazy or Busy People.  "]
[Site "SchemingMind.com"]
[Date "2019.08.01"]
[Round "-"]
[White "Raymond de Kemp"]
[Black "Timaeus"]
[Result "1-0"]
[WhiteCountry "NED"]
[BlackCountry "JPN"]
[WhiteElo "1723"]
[WhiteRD "81"]
[BlackElo "1315"]
[BlackRD "85"]
[GameID "444050"]

1. e4 e5 2. f4 Nc6 3. Nf3 Bc5 4. c3 Nf6 5. fxe5 Nxe4 6. d4 Bb6 7. Bd3 d5 8. exd6 Nxd6 9. O-O O-O 10. Ng5 g6
11. Bf4 Re8 12. Nf3 Bf5 13. Bxf5 Nxf5 14. Nbd2 Na5 15. b4 Nc6 16. Kh1 Nce7 17. Ng5 Nd5 18. Qb3 Re7 19. Nde4 a5 20. Qxd5 Qf8
21. Be5 c6 22. Nf6+
1-0

[Event "Big Slow Tourney for Lazy or Busy People.  "]
[Site "SchemingMind.com"]
[Date "2019.07.27"]
[Round "-"]
[White "Raymond de Kemp"]
[Black "grabapawn"]
[Result "1-0"]
[WhiteCountry "NED"]
[BlackCountry "USA"]
[WhiteElo "1753"]
[WhiteRD "79"]
[BlackElo "1475"]
[BlackRD "51"]
[GameID "444051"]

1. d4 d6 2. e4 Nf6 3. Nc3 Nbd7 4. f4 e5 5. Nf3 Be7 6. fxe5 dxe5 7. dxe5 Ng4 8. e6 Ndf6 9. exf7+ Kxf7 10. Bc4+ Ke8
11. Qxd8+ Bxd8 12. e5 Nh5 13. h3 Nh6 14. Bxh6 gxh6 15. O-O-O Ng3 16. Rhe1 c6 17. e6 b5 18. Nxb5 cxb5 19. Bxb5+ Ke7 20. Ne5 Bc7
21. Nc6+ Kf6 22. e7 a6 23. Ba4 Bf4+ 24. Kb1 Bb7 25. Nd8 Bxg2 26. e8=Q Rxe8 27. Bxe8 Bxh3 28. Nc6 a5 29. Re7 Kg5 30. Nd4 Nf5
31. Rg1+ Kf6 32. Re6#
1-0

[Event "Big Slow Tourney for Lazy or Busy People.  "]
[Site "SchemingMind.com"]
[Date "2019.07.28"]
[Round "-"]
[White "bull mccabe"]
[Black "Raymond de Kemp"]
[Result "1-0"]
[WhiteCountry "IRL"]
[BlackCountry "NED"]
[WhiteElo "2038"]
[WhiteRD "157"]
[BlackElo "1734"]
[BlackRD "80"]
[GameID "444052"]

1. e4 e5 2. Nf3 Nc6 3. Bb5 f5 4. O-O fxe4 5. Bxc6 dxc6 6. Nxe5 Qd4 7. Qh5+ g6 8. c3 Nf6 9. Qg5 Qd6 10. Re1 Be7
11. d4 Ng4 12. Qf4 Rf8 13. Qxe4 Qf6 14. Nf3 Bf5 15. Qe2 Qd6 16. h3 Nf6 17. Bf4 Qd7 18. Bh6 Rg8 19. Nbd2 Nd5 20. c4 Nf6
21. Qe3 Kd8 22. Bg5 Re8 23. Ne5 Qe6 24. Qb3 Kc8 25. Nxg6 Qf7 26. Nxe7+ Rxe7 27. Rxe7 Qxe7 28. Qf3
1-0

[Event "Big Slow Tourney for Lazy or Busy People.  "]
[Site "SchemingMind.com"]
[Date "2019.08.01"]
[Round "-"]
[White "Uzi Mike"]
[Black "Raymond de Kemp"]
[Result "1-0"]
[WhiteCountry "USA"]
[BlackCountry "NED"]
[WhiteElo "2312"]
[WhiteRD "88"]
[BlackElo "1794"]
[BlackRD "82"]
[GameID "444053"]

1. c4 g6 2. d4 Bg7 3. Nf3 Nf6 4. Nc3 d5 5. Bf4 O-O 6. e3 c5 7. Qb3 cxd4 8. Nxd4 Nc6 9. Rd1 Nh5 10. Nxc6 bxc6
11. Bg5 h6 12. Bh4 g5 13. Be2 Nf6 14. Bg3 e6 15. O-O Nd7 16. cxd5 cxd5 17. Qa3 Re8 18. Nb5 Ne5 19. Nd6 Re7 20. f4 Ng6
21. fxg5 hxg5 22. Bh5 Nh8 23. e4 Rd7 24. exd5 e5 25. Nf5 Bf8 26. d6 f6 27. Qb3+ Kh7 28. Bf3 Ba6 29. Be4 Qb6+ 30. Nd4+ Kg7
31. Qe6 Rxd6 32. Qh3 Ng6 33. Qf5
1-0

[Event "Big Slow Tourney for Lazy or Busy People.  "]
[Site "SchemingMind.com"]
[Date "2019.08.01"]
[Round "-"]
[White "Raymond de Kemp"]
[Black "Olli Ylönen"]
[Result "1-0"]
[WhiteCountry "NED"]
[BlackCountry "FIN"]
[WhiteElo "1839"]
[WhiteRD "71"]
[BlackElo "1879"]
[BlackRD "79"]
[GameID "444054"]

1. e4 c5 2. Nc3 Nc6 3. f4 g6 4. Nf3 Bg7 5. Bc4 e6 6. f5 Nge7 7. fxe6 dxe6 8. d3 O-O 9. O-O Na5 10. Qe1 Nec6
11. Bg5 f6 12. Be3 Nd4 13. Bxd4 cxd4 14. Ne2 Nxc4 15. dxc4 e5 16. Rd1 f5 17. exf5 Bxf5 18. c3 d3 19. Ng3 Qe8 20. Nxf5 gxf5
21. Nh4 f4 22. Rxd3 e4 23. Rd5 e3 24. Nf5 Be5 25. Nh6+ Kh8 26. Ng4 Bc7 27. Rf3 Bb6 28. c5 Qb5 29. b4 a5 30. Qd1 Qc4
31. Nxe3 fxe3 32. Rxe3 axb4 33. cxb6 bxc3 34. Rdd3 c2 35. Qa1+ Kg8 36. Rg3+ Kf7 37. Qg7+ Ke6 38. Rge3+ Kf5 39. Re5+ Kf4 40. Rf3#
1-0

[Event "Big Slow Tourney for Lazy or Busy People.  "]
[Site "SchemingMind.com"]
[Date "2019.07.27"]
[Round "-"]
[White "krzysztof"]
[Black "Raymond de Kemp"]
[Result "0-1"]
[WhiteCountry "POL"]
[BlackCountry "NED"]
[WhiteElo "1589"]
[WhiteRD "72"]
[BlackElo "1753"]
[BlackRD "79"]
[GameID "444055"]

1. g3 e5 2. Bg2 d5 3. d3 Bc5 4. e3 d4 5. e4 Ne7 6. Nf3 Nbc6 7. a3 f5 8. b4 Bd6 9. O-O f4 10. Kh1 Bg4
11. h3 Bd7 12. gxf4 Ng6 13. f5 Nf4 14. Bxf4 exf4 15. Nbd2 g6 16. Nb3 Qf6 17. b5 Ne7 18. Nbxd4 gxf5 19. e5 Bxe5 20. Nxe5 Qxe5
21. Qh5+ Kd8 22. c3 Kc8 23. a4 a6 24. Rfb1 Be8 25. Qf3 c6 26. bxa6 Rxa6 27. Re1 Qg7 28. Qxf4 Rg8 29. Bf3 Bd7 30. Rg1 Qf7
31. c4 Rxg1+ 32. Kxg1 Qg7+ 33. Bg2 c5 34. Nc2 Rg6 35. Qh2 Bc6 36. f3 Bxf3 37. Ne1 Qxa1 38. Kf2 Bxg2 39. Nxg2 Qd4+ 40. Ke1 Re6+
41. Kd2 Qf2+ 42. Kc1 Qf1+ 43. Kd2 Re2+ 44. Kc3 Qc1+ 45. Kb3 Qb2#
0-1

[Event "Big Slow Tourney for Lazy or Busy People.  "]
[Site "SchemingMind.com"]
[Date "2019.07.27"]
[Round "-"]
[White "Raymond de Kemp"]
[Black "Chessibelle"]
[Result "1-0"]
[WhiteCountry "NED"]
[BlackCountry "ENG"]
[WhiteElo "1753"]
[WhiteRD "79"]
[BlackElo "1151"]
[BlackRD "56"]
[GameID "444056"]

1. e4 e5 2. f4 d6 3. Nf3 h6 4. fxe5 Bd7 5. Bc4 g6 6. O-O Bg7 7. Bxf7+ Kxf7 8. Ng5+ Ke8 9. Nf7 Qe7 10. Nc3 Nc6
11. Nd5 Qg5 12. Nxg5
1-0

[Event "Big Slow Tourney for Lazy or Busy People.  "]
[Site "SchemingMind.com"]
[Date "2019.07.27"]
[Round "-"]
[White "Helga1946"]
[Black "Raymond de Kemp"]
[Result "1-0"]
[WhiteCountry "GER"]
[BlackCountry "NED"]
[WhiteElo "2235"]
[WhiteRD "64"]
[BlackElo "1723"]
[BlackRD "81"]
[GameID "444057"]

1. d4 Nf6 2. Bg5 d5 3. Nd2 e6 4. e4 dxe4 5. Nxe4 Be7 6. Bxf6 Bxf6 7. c3 O-O 8. Nf3 b6 9. Bd3 Be7 10. Bc2 f5
11. Ng3 Bb7 12. Bb3 Bd5 13. Qe2 Bxb3 14. axb3 Rf6 15. O-O Nd7 16. b4 Qe8 17. Ra2 f4 18. Ne4 Rf5 19. Qc4 Nf8 20. Qxc7 Rf7
21. Ne5 Rf5 22. Rxa7 Rxa7 23. Qxa7 Bf6 24. Nd6
1-0

[Event "Big Slow Tourney for Lazy or Busy People.  "]
[Site "SchemingMind.com"]
[Date "2019.07.31"]
[Round "-"]
[White "JAHI"]
[Black "Raymond de Kemp"]
[Result "1-0"]
[WhiteCountry "INT"]
[BlackCountry "NED"]
[WhiteElo "1890"]
[WhiteRD "70"]
[BlackElo "1723"]
[BlackRD "81"]
[GameID "444058"]

1. c3 d5 2. c4 d4 3. e3 e5 4. g3 Nf6 5. Bg2 Nc6 6. a3 Bd7 7. h3 e4 8. h4 Ne5 9. exd4 Nd3+ 10. Kf1 Ng4
11. Nh3 Qf6 12. Qe2 Nxc1 13. Qxe4+ Be7 14. Nc3 Nb3 15. Qxb7 Nxd2+ 16. Kg1 O-O 17. Nd5 Qxd4 18. Nxe7+ Kh8 19. Qxc7 Rab8 20. Bd5 Be6
21. h5 Bxd5 22. cxd5 Rxb2 23. Qf4 Ne4 24. Nf5 Qb6 25. Qxg4 Nxf2 26. Qxg7#
1-0

[Event "Big Slow Tourney for Lazy or Busy People.  "]
[Site "SchemingMind.com"]
[Date "2019.07.27"]
[Round "-"]
[White "Raymond de Kemp"]
[Black "Nouveau L"]
[Result "0-1"]
[WhiteCountry "NED"]
[BlackCountry "FRA"]
[WhiteElo "1753"]
[WhiteRD "79"]
[BlackElo "1937"]
[BlackRD "92"]
[GameID "444059"]

1. d4 Nf6 2. Bf4 d5 3. e3 c5 4. c3 Nc6 5. Nd2 Bf5 6. Ngf3 e6 7. Ne5 Qb6 8. b3 cxd4 9. exd4 Nxe5 10. Bxe5 Ba3
11. Qe2 Bb2 12. Qb5+ Ke7 13. Rb1 Bxc3 14. Rc1 Rhc8 15. Qe2 Bxd2+ 16. Qxd2 Ne4 17. Qe3 Rxc1+ 18. Qxc1 Qb4+ 19. Ke2 Rc8 20. Qxc8 Qd2+
0-1

[Event "Big Slow Tourney for Lazy or Busy People.  "]
[Site "SchemingMind.com"]
[Date "2019.07.27"]
[Round "-"]
[White "Mihir Chandrashekhar"]
[Black "Raymond de Kemp"]
[Result "1-0"]
[WhiteCountry "IND"]
[BlackCountry "NED"]
[WhiteElo "1959"]
[WhiteRD "52"]
[BlackElo "1753"]
[BlackRD "79"]
[GameID "444060"]

1. c4 Nf6 2. Nc3 d5 3. d4 g6 4. Nf3 Bg7 5. Qb3 dxc4 6. Qxc4 O-O 7. e4 a6 8. Bf4 b5 9. Qxc7 Qxc7 10. Bxc7 Bb7
11. Bd3 b4 12. Na4 Nxe4 13. O-O Nf6 14. Ne5 Nc6 15. Nc5 Rfc8 16. Bb6 Rab8 17. Nxb7 Rxb7 18. Bxa6 Rxb6 19. Bxc8 Nxd4 20. Rfd1 Rd6
21. f4 Ne2+ 22. Kf1 Nxf4 23. Bb7 N6d5 24. Nc4 Rf6 25. Bxd5 Nxd5+ 26. Kg1 Rf5 27. Rac1 h5 28. Rf1 Bd4+ 29. Kh1 Rxf1+ 30. Rxf1 e5
31. Rd1 f5 32. Nxe5 Bxe5 33. Rxd5 Bxb2 34. Rd7 Bg7 35. Rb7 Bf8 36. Kg1 h4 37. h3 Bc5+ 38. Kf1 Bf8 39. Ke2 f4 40. Kf3
1-0

[Event "Big Slow Tourney for Lazy or Busy People.  "]
[Site "SchemingMind.com"]
[Date "2019.07.27"]
[Round "-"]
[White "splinter"]
[Black "Raymond de Kemp"]
[Result "1/2-1/2"]
[WhiteCountry "CAN"]
[BlackCountry "NED"]
[WhiteElo "1812"]
[WhiteRD "76"]
[BlackElo "1734"]
[BlackRD "80"]
[GameID "444061"]

1. c4 Nf6 2. Nc3 d5 3. cxd5 Nxd5 4. Qb3 e6 5. Nf3 Nc6 6. Nxd5 exd5 7. d4 Bb4+ 8. Bd2 Bxd2+ 9. Kxd2 O-O 10. e3 Na5
11. Qc3 b6 12. Bd3 Nc4+ 13. Bxc4 dxc4 14. Qxc4 Bb7 15. Rhc1 c5 16. b4 Rc8 17. b5 Bxf3 18. gxf3 Qh4 19. Ke2 Qxh2 20. Rh1 Qd6
21. Qd3 g6 22. Rag1 c4 23. Qc3 Rfe8 24. Rh6 Kg7 25. Rgh1 Rh8 26. d5+ f6 27. e4 Qe5 28. Qxe5 fxe5 29. R6h4 c3 30. Kd3 Rc5
31. a4 c2 32. Rc1 Rhc8 33. f4 Rc3+ 34. Kd2 Rf3 35. Ke2 Ra3 36. Kd2 Rxa4 37. f3 exf4 38. Rxf4 Rac4 39. Kd3 R4c5 40. Rg4 h5
41. Rg2 Rxb5 42. Rgxc2 Rbc5 43. Rxc5 Rxc5 44. Rxc5 bxc5 45. d6 Kf7 46. Kc4 h4 47. Kxc5 Ke8 48. Kc6 Kd8 49. e5 h3 50. e6 h2
51. e7+ Ke8 52. Kc7 h1=Q 53. d7+ Kxe7 54. d8=Q+ Ke6 55. Qe8+ Kf5 56. Qe4+ Kf6 57. Qf4+ Kg7 58. Qe5+ Kh7 59. Qe7+ Kh6=
1/2-1/2

[Event "Big Slow Tourney for Lazy or Busy People.  "]
[Site "SchemingMind.com"]
[Date "2019.07.30"]
[Round "-"]
[White "Raymond de Kemp"]
[Black "Paul Clarkson"]
[Result "0-1"]
[WhiteCountry "NED"]
[BlackCountry "CAN"]
[WhiteElo "1734"]
[WhiteRD "80"]
[BlackElo "1843"]
[BlackRD "178"]
[GameID "444062"]

1. e4 e6 2. d4 d5 3. Nc3 Bb4 4. Qd3 Ne7 5. Bd2 O-O 6. a3 Bxc3 7. Bxc3 b6 8. b4 Ba6 9. b5 Bb7 10. e5 c5
11. Qh3 Ng6 12. Bd3 Nd7 13. Nf3 cxd4 14. Ng5 Qxg5 15. Bxd4 Ndxe5 16. Be3 Nxd3+ 17. cxd3 Qe5 18. O-O Rac8 19. Qg4 d4 20. Bxd4 Qxb5
21. Rfe1 Qxd3 22. Re3 Qf5 23. Qe2 Rc2
0-1

[Event "Big Slow Tourney for Lazy or Busy People.  "]
[Site "SchemingMind.com"]
[Date "2019.07.31"]
[Round "-"]
[White "The Stonewall"]
[Black "grabapawn"]
[Result "1-0"]
[WhiteCountry "ENG"]
[BlackCountry "USA"]
[WhiteElo "2392"]
[WhiteRD "76"]
[BlackElo "1475"]
[BlackRD "51"]
[GameID "444083"]

1. Nf3 d6 2. d4 g6 3. c4 Bg7 4. Nc3 Nf6 5. e4 Nc6 6. d5 Ne5 7. Nxe5 dxe5 8. Be2 O-O 9. Be3 a6 10. O-O h5
11. h3 Bd7 12. a4 c6 13. a5 e6 14. d6 Nh7 15. Na4 h4 16. Qb3 Qc8 17. Nb6 Qd8 18. Nxa8 Qxa8 19. c5 Kh8 20. Ra4 g5
21. Rb4 Rb8 22. Rb6 f6 23. Bxa6 Bc8 24. Bxb7 Rxb7 25. a6 Rxb6 26. Qxb6 Qxa6 27. Qxa6 Bxa6 28. d7 Bxf1 29. d8=Q+
1-0